Campoletis sonorensis Virus in Heliothis virescens : and preliminary studies on the organization of the viral genome /

Bibliographic Details
Main Author: Blissard, Gary Wilson, 1954-
Other Authors: Keeley, Larry L. (degree committee member.), Peterson, David O. (degree committee member.), Quarles, J. M. (degree committee member.)
Format: Thesis Book
Language:English
Published: 1986.
Subjects:
Online Access:Link to ProQuest copy
Link to OAKTrust copy

MARC

Tag First Indicator Second Indicator Subfields
LEADER 00000ctm a2200000Ia 4500
001 in00000013248
005 20220104090801.0
008 880510s1986 xx a bm 000 0 eng d
035 |9 AAA7462AM 
035 |a (OCoLC)17930308 
035 |a (OCoLC)ocm17930308 
040 |a TXA  |b eng  |c TXA  |d OCLCQ  |d OCLCF  |d OCLCO  |d OCLCQ  |d TXA 
049 |a TXAM 
099 |a 1986  |a Disser-  |a tation  |a B649 
100 1 |a Blissard, Gary Wilson,  |d 1954- 
245 1 0 |a Campoletis sonorensis Virus in Heliothis virescens :  |b and preliminary studies on the organization of the viral genome / 
264 1 |c 1986. 
300 |a xi, 132 leaves :  |b illustrations ;  |c 29 cm 
336 |a text  |b txt  |2 rdacontent 
337 |a unmediated  |b n  |2 rdamedia 
338 |a volume  |b nc  |2 rdacarrier 
500 |a "Major subject: Entomology." 
500 |a Typescript (photocopy). 
500 |a Vita. 
502 |b Ph. D.  |c Texas A & M University  |d 1986 
504 |a Includes bibliographical references (leaves 124-130). 
520 3 |a The expression of Campoletis sonorensis Virus (CsV) in the parasitized host, Heliothis Virescens, was investigated. At least 12 major CsV mRNAs were detected in parasitized H. virescens larvae between 2 hours and 9 days after parasitization. Cloned CsV DNA restriction fragments which contained expressed sequences were used as hybridization probes for mapping individual CsV transcripts to superhelical regions of the CsV genome. Transcriptional mapping of several CsV mRNAs showed that the CsV genes studied are segregated on different superhelical DNAs or different sets of superhelical DNAs, thus demonstrating that the CsV genome is transcriptionally multipartite. Significant cross homology detected between CsV superhelical DNAs suggests that either (a) some CsV genes are shared on several superhelical DNAs or (b) separate superhelical DNAs may contain genes which are partially homologous. Also, the cross homology observed between different CsV superhelical DNAs was not limited to the coding regions of the genes examined in this study. Putative CsV proteins were identified by hybridization selection and in vitro translation of specific CsV mRNAs. cDNA clones homologous to a gene encoding an abundant CsV mRNA were identified. Based on Southern hybridizations of these cDNA clones to viral DNA, the cDNA clones were divided into two classes. DNA sequencing and northern blot analysis of two representative cDNA clones indicated that the two cDNA clones were synthesized from two CsV mRNAs (1.6 and 1.0 kb) which share several regions of homology. Analysis of the long open reading frame from each cDNA revealed several regions of conserved amino acid sequences although the two putative proteins have otherwise diverged in amino acid sequence. Comparison of the DNA sequence of a CsV genomic DNA restriction fragment to the sequence from a cDNA clone revealed that the CsV gene is a spliced gene which contains at least two introns. A 15.8 kbp superhelical DNA (WSp-16kA) was cloned from CsV superhelical DNA region W. The two cDNA classes were mapped to different regions of the circular map of WSp-16kA. These data show that two related CsV genes are located on a single CsV superhelical DNA molecule. 
650 0 |a Genomes. 
650 0 |a Host-parasite relationships  |x Genetic aspects. 
650 0 |a Host-virus relationships. 
650 0 |a Virology. 
650 4 |a Major entomology. 
655 7 |a Academic theses  |2 lcgft 
700 1 |a Keeley, Larry L.,  |e degree committee member. 
700 1 |a Peterson, David O.,  |e degree committee member. 
700 1 |a Quarles, J. M.,  |e degree committee member. 
700 1 |a Summers, Max D.,  |e degree supervisor. 
700 1 |a Vinson, S. Bradleigh,  |e degree supervisor. 
710 2 |a Texas A & M University,  |e degree granting institution. 
856 4 1 |u http://proxy.library.tamu.edu/login?url=http://proquest.umi.com/pqdweb?did=752632961&sid=1&Fmt=2&clientId=2945&RQT=309&VName=PQD  |z Link to ProQuest copy  |t 0 
856 4 1 |u https://hdl.handle.net/1969.1/DISSERTATIONS-21189  |z Link to OAKTrust copy  |t 0 
994 |a C0  |b TXA 
999 f f |s 9d113670-592a-3efd-8551-b03cb9c0cea7  |i d9f76fad-677a-3976-8eac-2dbd73149d5f  |t 0 
952 f f |p noncirc  |a Texas A&M University  |b J.J. Pickle Campus  |c High Density Repository  |s HDR  |d Remote Storage  |t 0  |e 1986 Dissertation B649  |h Other scheme  |i unmediated -- volume  |m A14839621018 
952 f f |a Texas A&M University  |b College Station  |c Electronic Resources  |s www_evans  |d Available Online  |t 0  |e 1986 Dissertation B649  |h Other scheme 
998 f f |a 1986 Dissertation B649  |t 0  |l Remote Storage 
998 f f |a 1986 Dissertation B649  |t 0  |l Available Online